[Event "AUTO-MASTER-982"]
[Site "http://www.queenalice.com/game.php?id=697402"]
[Date "2009.12.13"]
[Round "1"]
[White "CSI"]
[Black "MrGreen"]
[Result "1-0"]
[WhiteElo "2205"]
[BlackElo "1839"]

1. e4 e5 2. Nf3 Nc6 3. Bb5 a6 4. Ba4 Bc5 5. O-O Nf6 6. d3 d6 7. c3 b5 8. Bb3 O-O
9. h3 a5 10. a4 b4 11. d4 Bb6 12. Be3 Qe7 13. Bd5 Nxd5 14. exd5 exd4 15. Nxd4
Nxd4 16. Bxd4 Re8 17. Bxb6 cxb6 18. Nd2 bxc3 19. bxc3 Qh4 20. Nf3 Qh5 21. Kh2
Ba6 22. Re1 Rxe1 23. Nxe1 Qe5+ 24. Kg1 Qxc3 25. Rc1 Be2 26. Rxc3 Bxd1 27. Nc2
Kf8 28. Rc4 Re8 29. Ne3 Bb3 30. Rh4 h6 31. Kf1 b5 32. axb5 Rb8 33. Nf5 Rxb5 34.
Nxd6 Rxd5 35. Nc8 a4 36. Rb4 Rd1+ 37. Ke2 Rb1 38. Rd4 g5 39. Nd6 a3 40. Nf5 Kg8
41. Rd8+ Kh7 42. Nd4 Bd1+ 43. Ke3 1-0

[Event "Challenge"]
[Site "http://www.queenalice.com/game.php?id=705114"]
[Date "2009.12.29"]
[Round "-"]
[White "girlalone"]
[Black "CSI"]
[Result "0-1"]
[WhiteElo "1735"]
[BlackElo "2214"]

1. e4 c5 2. Nf3 d6 3. d4 cxd4 4. Nxd4 Nf6 5. Nc3 a6 6. Be2 e6 7. Be3 Qe7 8. f4
Qc7 9. O-O g6 10. Qd2 Nbd7 11. f5 e5 12. Ne6 fxe6 13. fxe6 Nb6 14. Rxf6 Be7 0-1

[Event "Challenge"]
[Site "http://www.queenalice.com/game.php?id=705115"]
[Date "2009.12.29"]
[Round "-"]
[White "CSI"]
[Black "girlalone"]
[Result "1-0"]
[WhiteElo "2215"]
[BlackElo "1733"]

1. e4 e6 2. d4 d5 3. Nc3 Nf6 4. Bg5 Bb4 5. e5 h6 6. Bd2 Bxc3 7. bxc3 Ne4 8. Qg4
g6 9. Bd3 Nxd2 10. Kxd2 c5 11. Nf3 Bd7 12. Rhb1 Bc6 13. h4 Nd7 14. Bxg6 1-0

[Event "Dragon-2"]
[Site "http://www.queenalice.com/game.php?id=712943"]
[Date "2010.1.13"]
[Round "1"]
[White "CSI"]
[Black "LUKK22"]
[Result "0-1"]
[WhiteElo "2206"]
[BlackElo "2363"]

1. e4 d6 2. d4 g6 3. Nc3 Bg7 4. Be3 Nf6 5. f3 O-O 6. Qd2 e5 7. Nge2 exd4 8. Nxd4
d5 9. e5 Ne8 10. Bg5 f6 11. exf6 Nxf6 12. O-O-O Qd7 13. Bb5 Qf7 14. Ba4 Nbd7 15.
Bb3 Nb6 16. Bxf6 Bxf6 17. Ne4 Be7 18. Qa5 Rd8 19. Qc3 c6 20. Rhe1 Qf8 21. Qe3 c5
22. Nd2 Bd6 23. Ne6 Bxe6 24. Qxe6+ Kg7 25. c3 Re8 26. Qh3 Bf4 27. Qh4 c4 28. Bc2
d4 0-1

[Event "AUTO-MASTER-1205"]
[Site "http://www.queenalice.com/game.php?id=824970"]
[Date "2010.8.29"]
[Round "1"]
[White "Rutty"]
[Black "CSI"]
[Result "0-1"]
[WhiteElo "2121"]
[BlackElo "2214"]

1. e4 c5 2. Nf3 d6 3. Bc4 Nf6 4. Nc3 e6 5. O-O Be7 6. d4 cxd4 7. Nxd4 O-O 8. Be3
a6 9. a4 Nc6 10. Nxc6 bxc6 11. a5 d5 12. Bb6 Qd6 13. exd5 cxd5 14. Bd3 e5 15.
Re1 e4 16. Be2 Be6 17. Qd4 Rfb8 18. Na4 Nd7 19. c3 Bf6 20. Qd2 Be5 21. h3 Nxb6
22. Nxb6 Ra7 23. b4 Qc6 24. Rac1 Bc7 25. c4 Qd6 26. g3 e3 27. Qxe3 d4 28. c5
dxe3 29. cxd6 Bxd6 30. Rb1 Bxh3 31. g4 f5 32. gxf5 Bxf5 33. Rb3 exf2+ 34. Kxf2
Rf7 35. Bf3 Bc2 36. Rb2 Rbf8 37. Rxc2 Rxf3+ 38. Kg2 Bxb4 39. Re5 h6 40. Nd5 Bd6
41. Rh5 Rg3+ 0-1

[Event "AUTO-MASTER-1205"]
[Site "http://www.queenalice.com/game.php?id=824971"]
[Date "2010.8.29"]
[Round "1"]
[White "CSI"]
[Black "Rutty"]
[Result "1-0"]
[WhiteElo "2199"]
[BlackElo "1982"]

1. e4 e5 2. Nf3 Nc6 3. Bb5 Bc5 4. c3 Nf6 5. O-O Nxe4 6. d4 exd4 7. cxd4 Bb6 8.
d5 Ne7 9. Qe2 f5 10. Nc3 Nxc3 11. bxc3 O-O 12. Bg5 Bc5 13. Bc4 Kh8 14. Rfe1 1-0

[Event "AUTO-MASTER-1205"]
[Site "http://www.queenalice.com/game.php?id=824982"]
[Date "2010.8.29"]
[Round "1"]
[White "devagar"]
[Black "CSI"]
[Result "0-1"]
[WhiteElo "2046"]
[BlackElo "2224"]

1. e4 c5 2. Nf3 d6 3. d4 cxd4 4. Nxd4 Nf6 5. Nc3 a6 6. Be2 e6 7. O-O Be7 8. f4
O-O 9. g4 Nc6 10. g5 Nd7 11. Nxc6 bxc6 12. h4 Rb8 13. b3 d5 14. e5 Qb6+ 15. Kg2
Bb7 16. Bb2 Rfd8 17. Na4 Qc7 18. Qe1 c5 19. Nc3 d4+ 20. Bf3 Bxf3+ 21. Rxf3 dxc3
22. Bxc3 Nb6 23. Ba5 Qc6 24. c4 Rd3 25. Qf2 Rbd8 26. Re1 R8d7 27. Kg3 Bd8 28.
Bxb6 Bxb6 29. Rxd3 Rxd3+ 30. Re3 Rxe3+ 31. Qxe3 Qd7 32. a4 Qd4 33. Qf3 Bd8 34.
h5 h6 35. g6 fxg6 36. hxg6 Qg1+ 37. Qg2 Qe1+ 38. Kh2 Qh4+ 0-1

[Event "AUTO-MASTER-1205"]
[Site "http://www.queenalice.com/game.php?id=824983"]
[Date "2010.8.29"]
[Round "1"]
[White "CSI"]
[Black "devagar"]
[Result "1-0"]
[WhiteElo "2231"]
[BlackElo "2049"]

1. e4 c5 2. Nf3 Nc6 3. d4 cxd4 4. Nxd4 d6 5. Nc3 g6 6. Be3 Bg7 7. Be2 Nf6 8. O-O
O-O 9. Nb3 a6 10. f4 Qc7 11. Bf3 Bd7 12. Qe2 b5 13. a3 Rac8 14. Qf2 Ng4 15. Bxg4
Bxg4 16. f5 Bxc3 17. bxc3 Ne5 18. Bd4 Bh5 19. a4 b4 20. h3 bxc3 21. Bxe5 dxe5
22. g4 Bxg4 23. hxg4 gxf5 24. gxf5 f6 25. Kh1 Kh8 26. Rg1 Qc4 27. Qh4 Qe2 28.
Qg4 Qxg4 29. Rxg4 Rg8 30. Rxg8+ Rxg8 31. Nc5 a5 32. Nb7 Rg4 33. Re1 h5 34. Nxa5
Rf4 35. Re2 Rf1+ 36. Kg2 Ra1 37. Nc6 Rxa4 38. Nxe7 Kg7 39. Kh3 Rd4 40. Nd5 Rc4
41. Kh4 1-0

[Event "AUTO-MASTER-1205"]
[Site "http://www.queenalice.com/game.php?id=824988"]
[Date "2010.8.29"]
[Round "1"]
[White "andrevillares"]
[Black "CSI"]
[Result "0-1"]
[WhiteElo "2071"]
[BlackElo "2238"]

1. d4 Nf6 2. c4 g6 3. Nc3 Bg7 4. e4 d6 5. Be2 O-O 6. Nf3 e5 7. O-O Nc6 8. d5 Ne7
9. h3 Ne8 10. Be3 f5 11. exf5 Nxf5 12. Bg5 Nf6 13. Qd2 h6 14. Bxf6 Rxf6 15. Ne4
Rf7 16. Bd3 Ne7 17. b4 Rxf3 18. gxf3 Bxh3 19. Rfc1 Qd7 20. Ng3 Rf8 21. Qe3 a6
22. c5 Nxd5 23. Bc4 c6 24. Qe4 dxc5 25. bxc5 Kh7 26. Nh5 Bf5 27. Qh4 gxh5 28.
Qxh5 e4 29. fxe4 Bxe4 30. Rd1 Bxa1 0-1

[Event "AUTO-MASTER-1205"]
[Site "http://www.queenalice.com/game.php?id=824989"]
[Date "2010.8.29"]
[Round "1"]
[White "CSI"]
[Black "andrevillares"]
[Result "1-0"]
[WhiteElo "2204"]
[BlackElo "2136"]

1. e4 c6 2. d4 d5 3. Nc3 dxe4 4. Nxe4 Nd7 5. Bc4 Ngf6 6. Ng5 e6 7. Qe2 Nb6 8.
Bd3 Be7 9. N1f3 h6 10. Ne4 O-O 11. h3 Nxe4 12. Qxe4 g6 13. Bxh6 Re8 14. Ne5 f5
15. Qf3 Qxd4 16. Qg3 Bb4+ 17. c3 Bxc3+ 18. bxc3 Qxc3+ 19. Ke2 Qb2+ 20. Kf3 Re7
21. Qxg6+ 1-0

[Event "Challenge"]
[Site "http://www.queenalice.com/game.php?id=841391"]
[Date "2010.10.3"]
[Round "-"]
[White "SexMachineX"]
[Black "CSI"]
[Result "0-1"]
[WhiteElo "1102"]
[BlackElo "2223"]

1. e4 c5 2. Nf3 d6 3. h4 a6 4. Qe2 Nc6 5. Rh3 Bxh3 6. gxh3 Nf6 7. Nc3 g6 8. d3
Bg7 9. Ng5 Nd4 10. Qd2 h6 11. e5 hxg5 12. exf6 Nf3+ 13. Kd1 Nxd2 14. Bxd2 Bxf6
15. hxg5 Bd4 16. Na4 Bxf2 17. Ke2 Bd4 18. c3 Be5 19. Bg2 Qc7 20. Rf1 Rb8 21. b4
b5 22. Nb2 cxb4 23. d4 bxc3 24. Rc1 Bxd4 25. Nd3 Rc8 26. Bf4 Qc4 27. Bb7 Rc7 0-1

[Event "GUANTANAMERA"]
[Site "http://www.queenalice.com/game.php?id=904373"]
[Date "2011.2.23"]
[Round "-"]
[White "CSI"]
[Black "fleuryjunior"]
[Result "1-0"]
[WhiteElo "2234"]
[BlackElo "1549"]

1. e4 e5 2. Nf3 Nc6 3. Bb5 Nf6 4. O-O Nxe4 5. d4 Qf6 6. Re1 d5 7. Nc3 exd4 8.
Qxd4 Be6 9. Qxf6 Nxf6 10. Bg5 h6 11. Bxf6 gxf6 12. Nxd5 O-O-O 13. Nc3 a6 14.
Bxc6 bxc6 15. Rad1 h5 16. a3 Bg4 17. Rxd8+ Kxd8 18. Nh4 Be7 19. f3 Be6 20. g3 f5
21. Ng2 h4 22. Nf4 Bc5+ 23. Kg2 hxg3 24. Nxe6+ fxe6 25. hxg3 Rh6 26. Re5 Bd6 27.
Ra5 Rg6 28. f4 Bxf4 29. Ne2 Bd2 30. Rxa6 Kd7 31. Ra4 Be3 32. Kf3 Bh6 33. Rc4 e5
34. a4 Bd2 35. b4 f4 36. gxf4 Bxf4 37. Nxf4 exf4 38. Kxf4 Rg2 39. a5 Kd6 40. a6
Kd5 41. Rc3 Kd4 42. Ra3 Rxc2 43. a7 Rf2+ 44. Kg3 Rf8 45. a8=Q Rxa8 46. Rxa8 Kc4
47. Rb8 c5 48. b5 Kb4 49. Kf2 c4 50. Ke3 c3 51. Kd3 Kb3 52. b6 c5 53. Rc8 Kb4
54. b7 c2 55. b8=Q+ Ka3 56. Kxc2 Ka4 57. Rxc5 Ka3 58. Qb3# 1-0